000 01125cam a22003134a 4500
001 14019590
003 ARRUPE
005 20150304143214.0
008 050629s2005 maua b 000 0 eng
010 _a 2005018669
020 _a0819859567 (pbk.)
040 _aDLC
_cDLC
_dDLC
042 _apcc
050 0 0 _aBV85
_b.B65 2005
082 0 0 _a242/.34
_222
100 1 _aBrand, Hilary.
_915122
245 1 4 _aThe power of small choices :
_cHilary Brand.
_ba lent course
260 _aLondon :
_bDarton, Longman and Todd,
_c2004.
300 _a243 p. :
_bill. ;
_c19 cm.
504 _aIncludes bibliographical references.
630 0 0 _aShawshank redemption (Motion picture)
_915123
630 0 0 _aBabettes gæstebud.
_915124
650 0 _aLent
_xStudy and teaching.
_915125
650 0 _aChristian life
_xStudy and teaching.
_915126
650 0 _aChoice (Psychology)
_xReligious aspects
_xChristianity
_xStudy and teaching.
_915127
906 _a7
_bcbc
_corignew
_d1
_eecip
_f20
_gy-gencatlg
942 _2lcc
_cMONOGRAPH
999 _c122044
_d122044